ARRUPE JESUIT UNIVERSITY

CORONAVIRUS -STOP THE SPREAD - CLEAN,DISINFECT,COVER

Matthew and empire : (Record no. 119940)

MARC details
000 -LEADER
fixed length control field 00992cam a2200313 a 4500
001 - CONTROL NUMBER
control field 4524863
003 - CONTROL NUMBER IDENTIFIER
control field ARRUPE
005 - DATE AND TIME OF LATEST TRANSACTION
control field 20140205112241.0
008 - FIXED-LENGTH DATA ELEMENTS--GENERAL INFORMATION
fixed length control field 020311s2001 paua b 001 0 eng
010 ## - LIBRARY OF CONGRESS CONTROL NUMBER
LC control number 00069091
020 ## - INTERNATIONAL STANDARD BOOK NUMBER
International Standard Book Number 156338342X (alk. paper)
035 ## - SYSTEM CONTROL NUMBER
System control number (OCoLC)45637060
035 ## - SYSTEM CONTROL NUMBER
System control number (OCoLC)ocm45637060
035 ## - SYSTEM CONTROL NUMBER
System control number (NNC)4524863
040 ## - CATALOGING SOURCE
Original cataloging agency DLC
Transcribing agency DLC
Modifying agency OrLoB
-- NNUT
042 ## - AUTHENTICATION CODE
Authentication code pcc
043 ## - GEOGRAPHIC AREA CODE
Geographic area code e------
-- aw-----
-- ff-----
050 ## - LIBRARY OF CONGRESS CALL NUMBER
Classification number BS2575.6R65
Item number C37 2001
090 ## - LOCALLY ASSIGNED LC-TYPE CALL NUMBER (OCLC); LOCAL CALL NUMBER (OCLC)
Classification number (OCLC) (R) ; Classification number, CALL (RLIN) (NR) BS2575.6.R65
Local cutter number (OCLC) ; Book number/undivided call number, CALL (RLIN) C37 2001
300 ## - PHYSICAL DESCRIPTION
Other physical details ill. ;
Dimensions 23 cm
100 1# - MAIN ENTRY--PERSONAL NAME
Personal name Carter, Warren,
Dates associated with a name 1955-
9 (RLIN) 7946
245 10 - TITLE STATEMENT
Title Matthew and empire :
Remainder of title initial explorations /
Statement of responsibility, etc Warren Carter
260 ## - PUBLICATION, DISTRIBUTION, ETC. (IMPRINT)
Place of publication, distribution, etc Harrisburg, PA :
Name of publisher, distributor, etc Trinity Press International,
Date of publication, distribution, etc c2001
300 ## - PHYSICAL DESCRIPTION
Extent v, 249 p. :
504 ## - BIBLIOGRAPHY, ETC. NOTE
Bibliography, etc Includes bibliographical references (p. 181-241) and indexes
630 00 - SUBJECT ADDED ENTRY--UNIFORM TITLE
Uniform title Bible.
Name of part/section of a work Matthew
General subdivision Criticism, interpretation, etc.
9 (RLIN) 7947
651 #0 - SUBJECT ADDED ENTRY--GEOGRAPHIC NAME
Geographic name Rome
General subdivision In the Bible.
9 (RLIN) 7948
942 ## - ADDED ENTRY ELEMENTS (KOHA)
Source of classification or shelving scheme Library of Congress Classification
Koha item type Monograph ( Printed materials)
Holdings
Withdrawn status Lost status Source of classification or shelving scheme Damaged status Not for loan Collection code Home library Current library Shelving location Date acquired Total Checkouts Full call number Barcode Date last seen Date checked out Price effective from Koha item type
    Library of Congress Classification     Main Collection ARRUPE LIBRARY ARRUPE LIBRARY Main Collection 05/02/2014 1 BS2575.6R65 C37 2001 464123441 27/07/2016 14/07/2016 05/02/2014 Monograph ( Printed materials)

 

Arrupe Library. PO Box MP320 Mt Pleasant, Harare, Zimbabwe
263 242 745411|librarian@aju.ac.zw